[Event "TUR Cup										"]
[Site "Antalya"]
[Date "2018.01.29"]
[Round "4"]
[White "Alpaydin, Deniz"]
[Black "Tasdemir, Necati"]
[Result "0-1"]
[WhiteElo "1312"]
[BlackElo "1673"]
[PlyCount "59"]
[EventDate "2018.01.27"]
[EventType "swiss"]
[EventRounds "11"]
[EventCountry "TUR"]
[SourceTitle "CBM 182 Extra"]
[Source "ChessBase"]
[SourceDate "2018.02.23"]
[SourceVersion "1"]
[SourceVersionDate "2018.02.23"]
[SourceQuality "1"]

1. e4 e5 2. Bc4 Bc5 3. Nf3 d6 4. Nc3 Nf6 5. d4 exd4 6. Nxd4 0-0 7. Bg5 Nbd7 8. a3 a6 9. Nb3 Ba7 10. Qd2 Qe8 11. f3 b5 12. Bd3 Bb7 13. 0-0-0 c5 14. Na5 Qc8 15. Bxb5 axb5 16. Nxb5 Bb8 17. Nxb7 Qxb7 18. Nxd6 Bxd6 19. Qxd6 Rfb8 20. Bxf6 Nxf6 21. b3 c4 22. b4 h6 23. Kb2 c3+ 24. Kb3 Qa7 25. Ra1 Qa4+ 26. Kxc3 Rc8+ 27. Kd2 Rd8 28. Qd3 Rxd3+ 29. cxd3 Nd7 30. d4 0-1

[Event "TUR Cup"]
[Site "Antalya"]
[Date "2017.02.02"]
[Round "9"]
[White "Tasdemir, Necati"]
[Black "Yildiz, Mehmet Burakhan"]
[Result "1-0"]
[WhiteElo "1628"]
[BlackElo "1785"]
[PlyCount "113"]
[EventDate "2017.01.28"]
[EventType "swiss"]
[EventRounds "11"]
[EventCountry "TUR"]
[SourceTitle "CBM 176 Extra"]
[Source "ChessBase"]
[SourceDate "2017.03.02"]
[SourceVersion "1"]
[SourceVersionDate "2017.03.02"]
[SourceQuality "1"]

1. d4 Nf6 2. Nc3 d5 3. Nf3 Bf5 4. e3 e6 5. Bd3 Bxd3 6. Qxd3 Nbd7 7. 0-0 Bd6 8. Re1 0-0 9. b3 c5 10. Nb5 Be7 11. c4 a6 12. Nc3 Rc8 13. Bb2 Qc7 14. cxd5 exd5 15. dxc5 Nxc5 16. Qf5 Rfd8 17. Red1 Qd7 18. Qb1 Qg4 19. Rd4 Nce4 20. Qd3 Qh5 21. Rd1 Nxc3 22. Bxc3 Qg6 23. Qxg6 hxg6 24. Bb4 Kf8 25. Bxe7+ Kxe7 26. a4 Rc6 27. Rb4 Rd7 28. Nd4 Rcd6 29. Rc1 Kd8 30. a5 Ng4 31. Nb5 axb5 32. Rxg4 d4 33. exd4 Rxd4 34. Rxd4 Rxd4 35. g3 b4 36. Kf1 Rd3 37. Rb1 g5 38. Ke2 Rc3 39. Rd1+ Kc7 40. Rd3 Rc5 41. Rd4 Rxa5 42. Rxb4 Rf5 43. h3 Kc6 44. f4 gxf4 45. Rxf4 Rxf4 46. gxf4 Kd5 47. Ke3 b5 48. Kd3 g6 49. h4 f6 50. f5 gxf5 51. h5 Ke6 52. Ke3 Kf7 53. Kf4 Kg7 54. Kxf5 b4 55. Ke6 Kh6 56. Kxf6 Kxh5 57. Ke5 1-0

[Event "TUR Cup"]
[Site "Antalya"]
[Date "2017.01.28"]
[Round "1"]
[White "Tasdemir, Necati"]
[Black "Kacmaz, Sait"]
[Result "1-0"]
[WhiteElo "1628"]
[BlackElo "1693"]
[PlyCount "81"]
[EventDate "2017.01.28"]
[EventType "swiss"]
[EventRounds "11"]
[EventCountry "TUR"]
[SourceTitle "CBM 176 Extra"]
[Source "ChessBase"]
[SourceDate "2017.03.02"]
[SourceVersion "1"]
[SourceVersionDate "2017.03.02"]
[SourceQuality "1"]

1. d4 Nf6 2. Nf3 d5 3. Bf4 Bf5 4. Nc3 e6 5. Nb5 Na6 6. c3 c6 7. Na3 Bxa3 8. bxa3 Qa5 9. Qb3 0-0 10. Rc1 b6 11. e3 c5 12. Be2 cxd4 13. exd4 Ne4 14. 0-0 Rac8 15. Rfe1 h6 16. Nd2 g5 17. Be3 Nd6 18. h4 f6 19. c4 Nc7 20. c5 Ndb5 21. a4 Nxd4 22. Bxd4 Qxd2 23. Be3 Qa5 24. Red1 bxc5 25. Rxc5 Qb6 26. Rb5 Qa6 27. g4 Bg6 28. h5 Bf7 29. Qb2 Nxb5 30. axb5 Qa4 31. Qxf6 Qe4 32. Bd4 Qh7 33. Bd3 Bg6 34. Qxe6+ Qf7 35. Qxg6+ Qxg6 36. Bxg6 Rc4 37. Bf5 Re8 38. Bxa7 Ra4 39. Be3 Rxa2 40. Rxd5 Rb2 41. b6 1-0